000 00356nam a22001697a 4500
003 UA-OsUOA
001 2607
007 ta
008 20050721b un ||||| |||| 00| 0 ukr d
100 _aClemente
700 _aGerald W.
942 _cBK
040 _aUA-OsUOA
_cUA-OsUOA
_dUA-OsUOA
245 _aThe cops are robbers.
_bLaw
955 _a2
650 7 _2UDC
999 _c288769
_d288769